000 00671nam a2200229Ia 4500
005 20241216010038.0
008 180423s9999||||xx |||||||||||||| ||und||
020 _a968-18-3017-2
082 _a350.722
_bL85
100 _aLOSCALZO, WILLIAM
245 0 _aPRESUPUESTO DE FLUJO DE EFECTIVO
_bUNA GUIA PARA CONTADORES Y ADMINISTRADORES FINANCIEROS
250 _a0
260 _aMEXICO
_bLIMUSA
_c1994
300 _a203 pag.
_c23 cm
341 _h39.7
490 _v0
_a0
505 _aVENTAS-CUENTAS-INVENTARIO/PASIVO-FLUJO EFECTIVO
541 _aC
_bLIBRERIA SAN CRISTOBAL
_d23-Sep-97
_odólar
650 _aCIENCIAS SOCIALES
856 _zHumanidades
942 _cLIBRO
999 _c4091
_d4091